000 00666cam a22002293a 4500
001 14076
003 PGUSA
005 20140828083313.0
008 041117s2004||||xxu|||||s|||||000 1 eng d
040 _aPGUSA
_beng
042 _adc
050 4 _aPR
100 1 _aCasserly, Gordon,
_d1869-1947
245 1 4 _aThe Elephant God
_h[electronic resource] /
_cGordon Casserly
260 _bProject Gutenberg,
_c2004
506 _aPublic domain in the USA.
516 _aElectronic text
653 _aIndia -- History -- British occupation, 1765-1947 -- Fiction
830 0 _aProject Gutenberg
_v14076
856 4 0 _uhttp://www.gutenberg.org/ebooks/14076
942 _cEB
999 _c243331
_d243331